Towns of Biscay (Bizkaia) - Statistics

General Stats
  • This quiz has been taken 419 times
    343 since last reset
  • The average score is 74 of 114
Answer Stats
Populaton First
letter
Town County % Correct
101.984 B Barakaldo Great Bilbao
97%
348.089 B Bilbo Great Bilbao
97%
29.887 D Durango Durangaldea
96%
17.033 G Gernika-Lumo Busturialdea
96%
75.981 G Getxo Great Bilbao
96%
46.247 S Santurtzi Great Bilbao
96%
44.766 P Portugalete Great Bilbao
95%
40.388 B Basauri Great Bilbao
92%
32.683 L Leioa Great Bilbao
92%
28.228 S Sestao Great Bilbao
92%
19.678 A Amorebieta-Etxano Durangaldea
91%
24.662 E Erandio Great Bilbao
91%
24.774 G Galdakao Great Bilbao
91%
4.390 P Plentzia Uribe
90%
14.940 S Sopela Uribe
90%
7.163 L Lekeitio Lea-Artibai
89%
17.042 B Bermeo Busturialdea
88%
17.997 M Mungia Uribe
87%
7.168 D Derio Great Bilbao
83%
15.627 E Ermua Durangaldea
83%
2.359 L Loiu Great Bilbao
83%
2.821 B Bakio Uribe
82%
8.113 O Ondarroa Lea-Artibai
82%
842 E Ea Busturialdea
81%
7.361 M Muskiz Great Bilbao
80%
11.898 T Trapagaran Great Bilbao
80%
7.647 B Berango Great Bilbao
79%
1.656 B Busturia Busturialdea
79%
11.941 E Etxebarri Great Bilbao
79%
1.828 M Mundaka Busturialdea
79%
11.952 A Arrigorriaga Great Bilbao
78%
7.633 B Balmaseda Enkarterriak
78%
6.015 G Gorliz Uribe
78%
5.711 U Urduliz Uribe
77%
2.459 L Lezama Great Bilbao
75%
4.587 S Sondika Great Bilbao
74%
5.078 M Markina-Xemein Lea-Artibai
73%
4.175 U Ugao-Miraballes Arratia-Nerbioi
73%
8.316 Z Zalla Enkarterriak
73%
4.330 I Igorre Arratia-Nerbioi
72%
3.586 L Lemoa Arratia-Nerbioi
72%
1.337 L Lemoiz Uribe
71%
4.203 U Urduña Arratia-Nerbioi
71%
3.027 Z Zaldibar Durangaldea
71%
3.314 Z Zamudio Great Bilbao
71%
1.493 Z Zierbena Great Bilbao
71%
1.549 B Barrika Uribe
70%
4.600 B Berriz Durangaldea
70%
2.711 K Karrantza Harana Enkarterriak
70%
8.629 O Ortuella Great Bilbao
70%
1.505 D Dima Arratia-Nerbioi
69%
7.266 E Elorrio Durangaldea
69%
2.047 L Larrabetzu Great Bilbao
69%
4.572 U Usansolo Great Bilbao
69%
3.873 I Iurreta Durangaldea
68%
2.765 S Sopuerta Enkarterriak
68%
6.771 G Gueñes Enkarterriak
67%
9.409 A Abanto-Zierbena Great Bilbao
66%
3.020 A Alonsotegi Great Bilbao
66%
349 E Elantxobe Busturialdea
66%
7.742 A Abadiño Durangaldea
65%
1.633 G Gatika Uribe
64%
353 S Sukarrieta Busturialdea
64%
774 E Etxebarria Lea-Artibai
62%
949 F Forua Busturialdea
61%
576 F Fruiz Uribe
61%
1.357 O Otxandio Durangaldea
61%
1.611 Z Zaratamo Great Bilbao
61%
748 A Artea Arratia-Nerbioi
60%
821 G Galdames Enkarterriak
60%
2.666 O Orozko Arratia-Nerbioi
60%
1.250 Z Zeanuri Arratia-Nerbioi
59%
1.081 Z Zeberio Arratia-Nerbioi
59%
1.245 L Laukiz Uribe
58%
1.545 M Muxika Busturialdea
58%
712 I Ispaster Lea-Artibai
57%
1.157 M Mallabia Durangaldea
57%
1.381 G Gamiz-Fika Uribe
55%
1.711 G Gordexola Enkarterriak
55%
515 T Turtzioz Enkarterriak
55%
409 Z Ziortza-Bolibar Lea-Artibai
55%
160 A Arakaldo Arratia-Nerbioi
53%
1.247 B Berriatua Lea-Artibai
53%
531 M Mañaria Durangaldea
52%
1.287 A Areatza Arratia-Nerbioi
51%
680 I Ibarrangelu Busturialdea
51%
1.007 A Arrankudiaga Arratia-Nerbioi
50%
767 M Meñaka Uribe
50%
274 N Nabarniz Busturialdea
50%
394 A Arantzazu Arratia-Nerbioi
49%
1.117 B Bedia Arratia-Nerbioi
49%
412 M Morga Busturialdea
49%
1.073 M Maruri-Jatabe Uribe
48%
1.356 A Atxondo Durangaldea
47%
878 G Gautegiz Arteaga Busturialdea
47%
444 K Kortezubi Busturialdea
47%
246 L Lanestosa Enkarterriak
47%
252 V Villaverde-Turtzioz Enkarterriak
47%
394 A Amoroto Lea-Artibai
45%
579 A Arrieta Uribe
45%
164 U Ubide Arratia-Nerbioi
42%
342 G Garai Durangaldea
40%
380 M Mendata Busturialdea
39%
466 M Munitibar Lea-Artibai
39%
643 A Aulesti Lea-Artibai
38%
424 M Mendexa Lea-Artibai
38%
322 M Murueta Busturialdea
38%
272 E Ereño Busturialdea
36%
230 I Izurtza Durangaldea
36%
736 A Artzentales Enkarterriak
34%
511 E Errigoiti Busturialdea
33%
197 G Gizaburuaga Lea-Artibai
32%
475 A Ajangiz Busturialdea
30%
414 A Arratzu Busturialdea
12%
No matching quizzes found
Score Distribution
Percent of People with Each Score
Percentile by Number Answered
Your Score History
You have not taken this quiz since the last reset